| 000 | 01498nam a2200229Ia 4500 | ||
|---|---|---|---|
| 003 | Ost | ||
| 005 | 20260507074853.0 | ||
| 008 | 260507s9999||||xx |||||||||||||| ||und|| | ||
| 020 | _a9773790255 | ||
| 040 | _cfsecg | ||
| 041 | _aara | ||
| 082 | _a364.138 | ||
| 100 |
_aعياد، سامي علي حامد _eمؤلف |
||
| 245 | 0 |
_aإستخدام تكنولوجيا المعلومات في مكافحة الإرهاب / _c سامي علي حامد عياد |
|
| 260 |
_aالاسكندرية: _bدار الفكر الجامعي, _c2007 |
||
| 300 |
_a501 صفحة؛ _bإيضاحات ؛ _c25 سم |
||
| 520 | _aالارهاب: التعريف بالارهاب، بعض وسائل الارهاب وبعض صوره، الدفاع المسلم وحركات التحرير الوطني وأعمال المقاومة والتمييز بينها وبين الارهاب، دوافع الارهاب، استراتيجية المواجهة والوقاية من الارهاب: القواعد الموضوعية الخاصة بالتجريم في مجال الارهاب، القواعد الموضوعية الخاصة بالعقاب في جرائم الارهاب، القواعد الاجرامية لواجهة الارهاب في التشريع المصري، دور المؤسسات والتعاون الدولي لمنح ومكافحة جرائم الارهاب | ||
| 653 | _aالتكنولوجيا | ||
| 653 | _aالمعلومات | ||
| 653 | _aمكافحة الجريمة | ||
| 942 | _cكتاب | ||
| 999 |
_c41590 _d41590 |
||